000 00855nam a22002417a 4500
005 2011051303033.0
008 110513t xxu||||| |||| 00| 0 eng d
010 _aENG-102469
020 _a9788183334389
_c120.00
035 _aEN-86002
037 _bDBAD/PUB
040 _adpl
_bEng
082 _a006.686
100 _925528
_aSharma, M.C.
245 _aPhotoshop CS5 :
_cby M.C. Sharma
_bPhotoshop version 12 training guide /
260 _aNew Delhi
_bBPB Publications
_c2011
270 _aB-14, Connaught Place
_bNew Delhi
_e110001
_k23325760, 43526249
300 _a219 p. :
_c21cm (pbk)
_bill
500 _aIncludes index
700 _928039
942 _2ddc
_cEN
_h006.686
_mSHA
999 _c52424
_d52424